• 首页
  • 本馆介绍
  • 公告通知
  • 最新文献
  • 馆藏检索
  • 电子资源
  • 读者导购
  • 参考咨询
  • 我的图书馆
  • 登录
  • 详细信息显示
  • 放入我的书架
  • 预约/预借图书
  • 作者相关作品
  • 分类相关作品
  • 丛书相关作品
  • 出版社相关作品

书目信息

  • 表格格式
  • 工作单格式
  • 卡片格式
题名:
病毒学原理
    
 
作者: 弗林特 著 ;刘文军 , 许崇凤 主译
分册: Ⅱ   致病机理与控制
出版信息: 北京   化学工业出版社  2017.1
页数: 410页
开本: 26cm
丛书名:
单 册:
中图分类: Q939.4
科图分类:
主题词: 病毒学
电子资源:
ISBN: 978-7-122-19535-7
000 01084nam0 2200277 450
001 0400004849
005 20171026151748.75
010    @a978-7-122-19535-7@dCNY158.00
100    @a20150105d2017 em y0chiy50 ea
101 1  @achi@ceng
102    @aCN@b110000
105    @aa z 001yy
106    @ar
200 1  @a病毒学原理@9bing du xue yuan li@hⅡ@i致病机理与控制@dPrinciples of virology@hVolume II@iPathogenesis and control@f(美)S.J. 弗林特(S.J. Flint)等著@g刘文军,许崇凤主译@zeng
210    @a北京@c化学工业出版社@d2017.1
215    @a410页@c图@d26cm
305    @a由ASM Press授权出版 据原书第3版译出
330    @a本书主要介绍病毒的致病机理、病毒感染的控制以及病毒的进化,重点论述病毒和机体相互作用的方式、机体对病毒感染的各种反应。
510 1  @aPrinciples of virology@hVolume II@iPathogenesis and control@zeng
606 0  @a病毒学
690    @aQ939.4@v5
701  0 @c(美)@a弗林特@9fu lin te@c(Flint, S. J.)@4著
702  0 @a刘文军@9liu wen jun@4主译
702  0 @a许崇凤@9xu chong feng@4主译
801  0 @aCN@b91MARC@c20171025
905    @b1039616-9@dQ939.4@f4@e97:2
    
    病毒学原理.Ⅱ.致病机理与控制=Principles of virology.Volume II.Pathogenesis and control/(美)S.J. 弗林特(S.J. Flint)等著/刘文军,许崇凤主译.-北京:化学工业出版社,2017.1
    410页:图;26cm
    
    
    ISBN 978-7-122-19535-7:CNY158.00
    本书主要介绍病毒的致病机理、病毒感染的控制以及病毒的进化,重点论述病毒和机体相互作用的方式、机体对病毒感染的各种反应。
●
相关链接 在E读中查询图书 在五车中查询图书 在当当中查询图书 在豆瓣中查询图书


正题名:病毒学原理     索取号:Q939.4/97:2         预约/预借

序号 登录号 条形码 馆藏地/架位号 状态 备注
1 1039616   210396169   第二样本阅览室/ [索取号:Q939.4/97:2] 在馆    
2 1039617   210396178   密集书库-生命科学系/ [索取号:Q939.4/97:2] 在馆    
3 1039618   210396187   第三借阅区/ [索取号:Q939.4/97:2] 在馆    
4 1039619   210396196   第三借阅区/ [索取号:Q939.4/97:2] 在馆    
唐山师范学院图书馆 欢迎您!
大连网信软件有限公司© 版权所有